Out of darkness : (Record no. 2924)

MARC details
000 -LEADER
fixed length control field 01361cam a2200361 a 4500
001 - CONTROL NUMBER
control field 2924
003 - CONTROL NUMBER IDENTIFIER
control field FISKH
005 - DATE AND TIME OF LATEST TRANSACTION
control field 20240123154419.0
008 - FIXED-LENGTH DATA ELEMENTS--GENERAL INFORMATION
fixed length control field 951206s1997 nyua j 001 0beng
010 ## - LIBRARY OF CONGRESS CONTROL NUMBER
LC control number 95052353
020 ## - INTERNATIONAL STANDARD BOOK NUMBER
International Standard Book Number 0395775167
020 ## - INTERNATIONAL STANDARD BOOK NUMBER
International Standard Book Number 9780590634748
040 ## - CATALOGING SOURCE
Original cataloging agency DLC
Transcribing agency DLC
Modifying agency DLC
Language of cataloging eng
050 00 - LIBRARY OF CONGRESS CALL NUMBER
Classification number HV1624.B65
Item number F74 1997
082 00 - DEWEY DECIMAL CLASSIFICATION NUMBER
Classification number 686.2/82/092
-- B
Edition number 20
100 1# - MAIN ENTRY--PERSONAL NAME
Personal name Freedman, Russell.
245 10 - TITLE STATEMENT
Title Out of darkness :
Remainder of title the story of Louis Braille /
Statement of responsibility, etc. by Russell Freedman ; illustrated by Kate Kiesler.
250 ## - EDITION STATEMENT
Edition statement First Scholastic printing, September 1998
260 ## - PUBLICATION, DISTRIBUTION, ETC.
Place of publication, distribution, etc. New York :
Name of publisher, distributor, etc. Scholastic,
Date of publication, distribution, etc. 1997
300 ## - PHYSICAL DESCRIPTION
Extent 81 pages :
Other physical details illustrations ;
Dimensions 20 cm
520 ## - SUMMARY, ETC.
Summary, etc. A biography of the nineteenth-century Frenchman who, having been blinded himself at the age of three, went on to develop a system of raised dots on paper that enabled blind people to read and write.
600 10 - SUBJECT ADDED ENTRY--PERSONAL NAME
Personal name Braille, Louis,
Dates associated with a name 1809-1852
General subdivision Juvenile literature.
600 11 - SUBJECT ADDED ENTRY--PERSONAL NAME
Personal name Braille, Louis,
Dates associated with a name 1809-1852.
650 #0 - SUBJECT ADDED ENTRY--TOPICAL TERM
Topical term or geographic name entry element Blind teachers
Geographic subdivision France
General subdivision Biography
-- Juvenile literature.
650 #0 - SUBJECT ADDED ENTRY--TOPICAL TERM
Topical term or geographic name entry element Braille
General subdivision Juvenile literature.
650 #1 - SUBJECT ADDED ENTRY--TOPICAL TERM
Topical term or geographic name entry element Blind.
650 #1 - SUBJECT ADDED ENTRY--TOPICAL TERM
Topical term or geographic name entry element Teachers.
650 #1 - SUBJECT ADDED ENTRY--TOPICAL TERM
Topical term or geographic name entry element People with disabilities.
650 #1 - SUBJECT ADDED ENTRY--TOPICAL TERM
Topical term or geographic name entry element Braille.
700 1# - ADDED ENTRY--PERSONAL NAME
Personal name Kiesler, Kate,,
Relator term illustrator
906 ## - LOCAL DATA ELEMENT F, LDF (RLIN)
a 7
b cbc
c orignew
d 1
e ocip
f 19
g y-gencatlg
942 ## - ADDED ENTRY ELEMENTS (KOHA)
Source of classification or shelving scheme Dewey Decimal Classification
Koha item type Books
Suppress in OPAC No
Holdings
Withdrawn status Lost status Source of classification or shelving scheme Damaged status Not for loan Collection Home library Current library Shelving location Date acquired Total Checkouts Full call number Barcode Date last seen Copy number Price effective from Koha item type
    Dewey Decimal Classification     Non-Fiction Footprints International School Library Network Toul Kork Campus Footprints International School Library Network Toul Kork Campus   01/23/2024   FRE 686.2 HV1624.B65 FISSE01441 01/23/2024 1 01/23/2024 Books
    Dewey Decimal Classification     Non-Fiction Footprints International School Library Network Toul Kork Campus Footprints International School Library Network Toul Kork Campus TTP Secondary Non-Fiction Bookshelves 01/23/2024   FRE 686.2 HV1624.B65 FIS00950 11/21/2024 2 01/23/2024 Books